Станционные устройства железнодорожной автоматики и телемеханики: учебник

Xehetasun bibliografikoak
Egile nagusia: Савушкин А. К. Александр Кузьмич
Beste egile batzuk: Жуков В. И. Виктор Иванович
Hizkuntza:errusiera
Argitaratua: Москва, Транспорт, 1985
Edizioa:2-е изд., перераб. и доп.
Saila:ПТО
Gaiak:
Formatua: Liburua
KOHA link:https://koha.lib.tpu.ru/cgi-bin/koha/opac-detail.pl?biblionumber=275214

MARC

LEADER 00000nam0a2200000 4500
001 275214
005 20231101234813.0
020 |a RU  |b 85-105686 
035 |a (RuTPU)RU\TPU\book\298447 
090 |a 275214 
100 |a 20141112d1985 m y0rusy5003 ca 
101 0 |a rus 
102 |a RU 
105 |a a j 000zy 
200 1 |a Станционные устройства железнодорожной автоматики и телемеханики  |e учебник  |f А. К. Савушкин, В. И. Жуков 
205 |a 2-е изд., перераб. и доп. 
210 |a Москва  |c Транспорт  |d 1985 
215 |a 296 с.  |c ил. 
225 1 |a ПТО 
606 1 |a Железные дороги  |x Автоматизация  |2 stltpush  |3 (RuTPU)RU\TPU\subj\10439  |9 37511 
610 1 |a учебники 
610 1 |a телемеханизация 
610 1 |a стационарные установки 
610 1 |a стрелки 
610 1 |a электроприводы 
610 1 |a централизация 
610 1 |a электропитание 
675 |a 656.25(075.32)  |z rus  |v 3 
700 1 |a Савушкин  |b А. К.  |g Александр Кузьмич  |4 070 
701 1 |a Жуков  |b В. И.  |g Виктор Иванович  |4 070 
801 0 |a RU  |b RuMRKP  |c 19950704  |g psbo 
801 1 |a RU  |b 63413507  |c 20141112 
801 2 |a RU  |b 63413507  |c 20170125  |g RCR 
942 |c BK